| 000 | 01027nam a22002897a 4500 | ||
|---|---|---|---|
| 005 | 20111202103658.0 | ||
| 008 | 111202t xxu||||| |||| 00| 0 eng d | ||
| 010 | _aENG-104276 | ||
| 020 |
_a9780071078030 _c350.00 |
||
| 020 |
_a0071078037 _c350.00 |
||
| 035 | _aEN-87809 | ||
| 037 | _bDBAD/PUB | ||
| 040 |
_aDPL _bEng |
||
| 082 | _a338.5024658 | ||
| 100 |
_936352 _aGeetika |
||
| 245 |
_aManagerial economics / _cby Geetika, Piyali Ghosh [and] Purba Roy Choudhury |
||
| 250 | _a2nd ed | ||
| 260 |
_aNew Delhi _bTata McGraw Hill _c2011 |
||
| 270 |
_a7 West Patel Nagar _bNew Delhi _e110008 |
||
| 300 |
_axxxii,632p. _c24cm (pbk) |
||
| 500 | _aIncludes bibliographical references and index | ||
| 650 | _936353 | ||
| 700 |
_aGhosh, Piyali _936394 |
||
| 700 |
_aChoudhury, Purba Roy _936433 |
||
| 942 |
_2ddc _cEN _mGEE _h338.5024658 |
||
| 999 |
_c58904 _d58904 |
||